Economia & diritto agroalimentare

Bibliographic Details
Format: Electronic Serial
Language:English
Subjects:
Online Access:Full text available from Research Library: 01/01/2010 to 01/31/2014

MARC

LEADER 00000nas a2200000M 4500
001 ssj0000991601
003 WaSeSS
005 20200512172242.0
006 m d
007 cr n
008 090727uuuuu9999it uu | s u0 0eng
022 |a 1970-9498  |l 1826-0373  |y 1826-0373 
035 |a (WaSeSS)ssj0000991601 
040 |a DNLM  |c DNLM  |d WaSeSS 
210 0 |a ECONOMIA E DIRITTO AGROALIMENTARE 
245 0 0 |a Economia & diritto agroalimentare  |h [electronic resource]. 
506 |a License restrictions may limit access. 
655 0 |a Electronic journals. 
776 0 |x 1970-9498 
856 4 0 |z Full text available from Research Library: 01/01/2010 to 01/31/2014  |u https://search.proquest.com/publication/226571